AH International Schools' Libraries

Real Friends / (Record no. 50412)

MARC details
000 -LEADER
fixed length control field 00511nam a2200145 4500
020 ## - INTERNATIONAL STANDARD BOOK NUMBER
International Standard Book Number 978-1626727854
100 ## - MAIN ENTRY--PERSONAL NAME
Personal name Hale, Shannon,
Relator term author.
245 ## - TITLE STATEMENT
Title Real Friends /
Statement of responsibility, etc by Shannon Hale and Leuyen Pham.
260 ## - PUBLICATION, DISTRIBUTION, ETC. (IMPRINT)
Place of publication, distribution, etc New York :
Name of publisher, distributor, etc First Second :
Date of publication, distribution, etc May 2, 2017 ;
300 ## - PHYSICAL DESCRIPTION
Extent 224 pages.
Dimensions 5.6 x 0.5 x 7.95 inches.
650 ## - SUBJECT ADDED ENTRY--TOPICAL TERM
9 (RLIN) 53944
Topical term or geographic name as entry element Friendship in children
Form subdivision Juvenile fiction.
650 ## - SUBJECT ADDED ENTRY--TOPICAL TERM
9 (RLIN) 75249
Topical term or geographic name as entry element Cliques (Sociology)
Form subdivision Fiction.
650 #4 - SUBJECT ADDED ENTRY--TOPICAL TERM
9 (RLIN) 34795
Topical term or geographic name as entry element Bullying in schools
Form subdivision Juvenile literature.
942 ## - ADDED ENTRY ELEMENTS (KOHA)
Source of classification or shelving scheme
Koha item type Book
Holdings
Withdrawn status Lost status Source of classification or shelving scheme Damaged status Not for loan Home library Current library Date acquired Total Checkouts Full call number Barcode Checked out Date last seen Date checked out Price effective from Koha item type
          Logos International School Logos International School 04/20/2026 2 Y GRAPHIX HAL 040947 05/14/2026 04/24/2026 04/24/2026 04/20/2026 Book

For any Logos Library related questions please contact Miss Art at swongnarasuk@asianhope.org.

For any Asian Hope Library related questions please contact Miss Raza at graza@asianhope.org.

Powered by Koha